000 00363 a2200145 4500
001 185434
020 _a
040 _cMagnum
100 _aRegina, Tia
240 1 0 _aA dança dos tangarás / o peixe de olhos de fogo
_lpor
245 1 0 _aA dança dos tangarás / o peixe de olhos de fogo
300 _a15
697 _aLITERATURA INFANTO-JUVENIL
942 _cBK
999 _c185434
_d185434